000 01764nam a22005417a 4500
003 OSt
005 20230421101445.0
008 221006b |||||||| |||| 00| 0 eng d
040 _cBiblioteca Lado V
082 _a794.816.6
_bV632a
100 _9804
_aVicente, Jose Luis de
_eeditor
245 _aMediateca Expandida/
_bArcadia/
260 _bCentro de Arte y Creación Industrial
_bcajAstur
_bMinisterio de Industria, Turismo y Comercio
_c2009
_aEspaña
300 _c17x23cm
_a153p.
490 _a01
_v2009
505 _aExperimentación artística y nuevas realidades sociales
505 _aMediateca Expandida
505 _aEl juego del mundo, el juego de la guerra y la maquina que no hace nada
505 _aEliss
505 _aZen Bound
505 _aMr Jones's Tengu
505 _aSnug
505 _aNoby Noby Boy
505 _aWorld of goo
505 _aTuttuki Bako
505 _aDisenando Eliss
505 _aNo usen los nombre podridos
505 _aConstruir y Compartir
505 _aKodu
505 _aTopobo
505 _aVerena
505 _aJugando en serio
505 _aAprendizaje en las venas
505 _aGlobal Conflicts
505 _aKiller Flu
505 _aJetset
505 _aThe cROOPIER
505 _aPlay the News
505 _aTale of Tales
505 _aCreditos institucionales
505 _aCréditos de la exposición
650 _2Tesauro de Arte & Arquitectura
_aARTE
_9703
650 _2Tesauro de Arte & Arquitectura
_aVIDEO JUEGOS
650 _2Tesauro de Arte & Arquitectura
_aCULTURA
650 _2Tesauro de Arte & Arquitectura
_aINNOVACION
650 _2Tesauro de Arte & Arquitectura
_aARTE DIGITAL
942 _2ddc
_c1
_h794.816.6
_iV632a
_n0
999 _c3418
_d3418